00440nam a22001577a 4500008004100000020001500041050002300056100002000079245007200099250001200171260002800183300001500211650001300226650001400239650002900253230111b |||||||| |||| 00| 0 eng d a0134893754 aLB 1060b.S37 2020 aSchunk, Dale H. aLearning theories:bAn educational perspective/ byc Dale H. Schunk a8th ed. aNew YorkbPearsonc2020 axii, 592p. aLearning aCognition aLearningvPsychology of.